00473nam a2200157Ia 450000500170000000800410001702000180005808200130007610000130008924500220010226000380012450000330016294200060019595200990020199900150030020250403070452.0240331s9999 xx 000 0 und d a9789558354193 bSTEa894 aSteven,S 0aMaivilzhi parvail acolombobGnanam pathippakamc2008 aWomen's based short stories cL 001040708LaWERCLbWERCLcSSCd2024-03-31l0o 894.811 STEp4132r2024-03-31w2024-03-31yL c5000d5000